Disputas Territoriales de China - Estadísticas

Estadísticas generales
  • Esta prueba ha sido intentada 3.188 veces
  • La puntuación promedio es 6 de 9
Estadísticas de respuestas
País % Correcto
Taiwán
91%
Japón
87%
India
86%
Vietnam
79%
Filipinas
64%
Bután
62%
Indonesia
59%
Malasia
52%
Brunéi
31%
No se encontraron pruebas coincidentes
Distribución de puntuación
Porcentaje de gente con cada puntuación
Porcentaje por número respondido
Historial de tus puntuaciones
No has intentado esta prueba.